Statistics for Hong Kong MTR Stations

Click here to take the quiz!

General Stats

  • This quiz has been taken 15 times
  • The average score is 52 of 107

Answer Stats

Date OpenedFormer Name/sStatusAnswer% Correct
22/6/1998n/ain useKowloon
90%
12/2/1980Chaterin useCentral
80%
31/5/1985n/ain useChai Wan
80%
28/12/2014n/ain useHKU
80%
1/10/1910, 14/10/1949n/ain useLo Wu
80%
31/12/1979Argylein useMong Kok
80%
31/5/1985n/ain useWan Chai
80%
12/2/1980n/ain useAdmiralty
70%
15/8/2007n/ain useLok Ma Chau
70%
1/10/1910n/ain useSha Tin
70%
23/4/1986n/ain useTai Wai (permanent)
70%
15/8/1983n/anot in useTai Wai (temporary)
70%
16/12/1979n/ain useTsim Sha Tsui
70%
6/7/1998n/ain useAirport
60%
1/10/1910, 28/3/1916, 24/10/2004Kowloonin useEast Tsim Sha Tsui
60%
1/10/1910n/ain useFanling
60%
15/2/1985n/ain useFo Tan
60%
28/12/2014n/ain useKennedy Town
60%
1/10/1979n/ain useKowloon Tong
60%
17/5/1982Lai Wanin useMei Foo
60%
1/10/1910Yaumati, Mong Kokin useMong Kok East
60%
31/5/1985n/ain useNorth Point
60%
29/3/2015n/ain useSai Ying Pun
60%
17/5/1982n/ain useSham Shui Po
60%
16/5/1930n/ain useSheung Shui
60%
23/5/1986n/ain useSheung Wan
60%
1/10/1910n/anot in useTai Po Market (former)
60%
10/4/1983n/ain useTai Po Market (present)
60%
9/5/1989n/ain useTai Wo
60%
24/9/1956Ma Liu Shuiin useUniversity
60%
20/12/2003n/ain useYuen Long
60%
16/8/2009n/ain useAustin
50%
31/5/1985n/ain useCauseway Bay
50%
21/12/2004n/ain useCity One
50%
31/5/1985n/ain useHeng Fa Cheun
50%
21/12/2004n/ain useHeng On
50%
23/10/2016n/ain useHo Man Tin
50%
22/6/1998n/ain useHong Kong
50%
1/10/1910, 30/11/1975Kowloonin useHung Hom
50%
16/12/1979n/ain useJordan
50%
14/2/2020n/ain useKai Tak
50%
10/5/1982n/ain useKwai Fong
50%
1/10/1979n/ain useKwun Tong
50%
17/5/1982n/ain useLai Chi Kok
50%
20/12/2003n/ain useLong Ping
50%
21/12/2004n/ain useMa On Shan
50%
7/10/1978n/ain useRacecourse
50%
21/12/2004n/ain useSha Tin Wai
50%
1/10/1979n/ain useShek Kip Mei
50%
21/12/2004n/ain useShek Mun
50%
27/6/2021n/ain useSung Wong Toi
50%
31/5/1985n/ain useTin Hau
50%
20/12/2003n/ain useTin Shui Wai
50%
18/8/2002n/ain useTsueng Kwan O
50%
20/12/2003n/ain useTuen Mun
50%
23/10/2016n/ain useWhampoa
50%
22/12/1979Waterlooin useYau Ma Tei
50%
21/12/2004n/ain useChe Kung Temple
40%
17/5/1982n/ain useCheung Sha Wan
40%
1/10/1979n/ain useChoi Hung
40%
1/10/1979n/ain useDiamond Hill
40%
1/8/2005n/ain useDisneyland Resort
40%
2022n/aunder constructionExhibition Centre
40%
31/5/1985n/ain useFortress Hill
40%
18/8/2002n/ain useHang Hau
40%
14/2/2020n/ain useHin Keng
40%
20/12/2003n/ain useKam Sheung Road
40%
1/10/1979n/ain useKowloon Bay
40%
10/5/1982n/ain useKwai Hing
40%
10/5/1982n/ain useLai King
40%
1/10/1989n/ain useLam Tin
40%
28/12/2016n/ain useLei Tung
40%
26/7/2009n/ain useLOHAS Park
40%
1/10/1979n/ain useLok Fu
40%
16/12/2003n/ain useNam Cheong
40%
1/10/1979n/ain useNgau Tau Kok
40%
28/12/2016n/ain useOcean Park
40%
22/6/1998n/ain useOlympic
40%
18/8/2002n/ain usePo Lam
40%
17/5/1982n/ain usePrince Edward
40%
31/5/1985n/ain useQuarry Bay
40%
31/5/1985n/ain useSai Wan Ho
40%
31/5/1985n/ain useShau Kei Wan
40%
20/12/2003n/ain useSiu Hong
40%
28/12/2016n/ain useSouth Horizons
40%
1/6/2005n/ain useSunny Bay
40%
31/5/1985n/ain useTai Koo
40%
1/10/1910Tai Ponot in useTai Po Kau
40%
21/12/2004n/ain useTai Shui Hang
40%
10/5/1982n/ain useTai Wo Hau
40%
18/8/2002n/ain useTiu Keng Leng
40%
27/6/2021n/ain useTo Kwa Wan
40%
22/6/1998n/ain useTsing Yi
40%
10/5/1982n/ain useTsuen Wan
40%
20/12/2003n/ain useTsuen Wan West
40%
22/6/1998n/ain useTung Chung
40%
28/12/2016n/ain useWong Chuk Hang
40%
1/10/1979n/ain useWong Tai Sin
40%
21/12/2004n/ain useWu Kai Sha
40%
4/8/2002n/ain useYau Tong
40%
20/12/2005n/ain useAsiaWorld-Expo
30%
1/4/1912n/anot in useSha Tau Kok
20%
11/9/1950n/anot in useWo Hop Shek
20%
23/9/2018n/ain useHong Kong West Kowloon
10%
21/12/1911n/anot in useHung Leng
0%
21/12/1911n/anot in useShek Cheung Au
0%
21/12/1911n/anot in useWo Hang
0%

Score Distribution

Percentile by Number Answered

Percent of People with Each Score

Your Score History

You have not taken this quiz